000 01087nam a2200325 c 4500
001 57683
003 CO-BoRNBP
005 20250723163629.0
007 ta
008 231210s2023 ck a|||ar|||| 00||j spa d
020 _a9789580025382
040 _aCO-BoRNBP
_bspa
_erda
_cCO-BoRNBP
041 0 _aspa
084 _aP
100 _aAnzola, Rosario,
_d1950-
_eaut
_961288
245 1 0 _aPoemas para bailar /
_cRosario Anzola ; ilustraciones de Natalia Pérez Ruiz.
250 _aEdición especial
264 1 _aBogotá, Colombia :
_bEducactiva,
_c2023
300 _a67 páginas :
_bilustraciones a color
336 _atexto
_btxt
_2rdacontent
337 _asin mediación
_bn
_2rdamedia
338 _avolumen
_bnc
_2rdacarrier
521 _aRecomendado para un público infantil a partir de los 6 años
650 0 7 _aLiteratura infantil venezolana
_2lemb
_91703
650 0 7 _aMúsica folclórica
_zVenezuela
_2lemb
_961289
650 0 7 _aPoesía infantil venezolana
_2lemb
_924870
650 0 7 _aPoesía sonora
_2lemb
_961290
700 _aPérez Ruiz, Natalia
_958519
942 _2loc
_cBKLITI
999 _c57683
_d57683